00918nam a22002415a 450000500170000000800410001701000140005802000100007203500130008203700150009504000180011008200110012810000220013924501030016126000320026427000880029630000210038450000410040560000470044694200250049399900170051895201410053520090829112150.0090121s2009 ii 010 0 eng d aENG-94965 c75.00 aEN-78498 aDBAD / PUB adplbEnglish  a883.08 aMuthulakshmi, M.  aThe theme of suffering and salvation in the selected novels of Anitha Desai /cby M. Muthulakshmi  aChennai bThe Parkar c2008 a293, Ahamed Complex, 2nd Floor, Royapettah High Road, Royapettah bChennai e600014 a97p.c22cm(pbk)  aIncludes bibliographical references  aDesai, AnitaxCriticism and interpretation 2ddccENmMUTh883.08 c29778d29778 00102ddc40718NFICaDBADbDBADd2009-08-29eDBAD / PUBg75.00l0o883.08 MUTpEN-78498r2009-08-29 00:00:00t1v75.00w2009-08-29yEN